Szczegóły MARC21

Międzynarodowa zdolność konkurencyjna kraju i przedsiębiorstw : wyzwania dla Polski na progu XXI wieku /

003 -Nazwa inst., której nr kontr. jest w polu 001 [,]
    • @
    • Nazwa instytucji, której n kontrolny jest w polu 001
    • NUKAT
005 -DATA I CZAS OSTATNIEJ MODYFIKACJI [,]
    • @
    • pole kontrolne
    • 20241231090148.0
020 -Międzynarod. znormalizowany nr książki - ISBN [ , ]
    • a
    • Numer ISBN
    • 8373780807 Find
040 -Instytucja sporządzająca opis [ , ]
    • a
    • Instytucja, która sporządziła opis (NP)
    • TOR U/lf
    • c
    • Instytucja, która sporządziła rekord (NP)
    • TOR U/lf
    • d
    • Instytucja, która zmodyfikowała rekord (P)
    • TOR U/LF
    • d
    • Instytucja, która zmodyfikowała rekord (P)
    • LUBL U/AGAs
942 -Rodzaj dokumentu [ , ]
    • c
    • Rodzaj dokumentu
    • Książka
100 -Hasło główne - nazwa osobowa [1, ]
    • a
    • Nazwa osobowa (NP)
    • Bossak, Jan.
    • 9
    • KHW
    • 68094
245 -Strefa tytułu i oznaczenia odpowiedzialności [1,0]
    • a
    • Tytuł
    • Międzynarodowa zdolność konkurencyjna kraju i przedsiębiorstw : Find
    • b
    • Ciąg dalszy tytułu (NP)
    • wyzwania dla Polski na progu XXI wieku / Find
    • c
    • Pozostałe elementy strefy tytułu i oznaczenia odpowiedzialności (NP)
    • Jan W. Bossak, Wojciech Bieńkowski.
260 -Strefa adresu wydawniczego [ , ]
    • a
    • Miejsce wydania (P)
    • Warszawa :
    • b
    • Nazwa wydawcy (P)
    • Szkoła Główna Handlowa,
    • c
    • Data wydania (P)
    • 2004.
300 -Strefa opisu fizycznego [ , ]
    • a
    • Określenie formy książki i/lub objętość (NP)
    • 488 s. :
    • b
    • Oznaczenie ilustracji (NP)
    • il. rys., wykr. ;
    • c
    • Format (NP)
    • 24 cm.
336 -Typ zawartości [ , ]
    • a
    • Termin opisujący typ zawartości
    • Tekst
    • b
    • Kod określający zawartość
    • txt
    • 2
    • Źródło (terminu i kodu)
    • rdacontent
337 -Typ mediów [ , ]
    • a
    • Tryb odtwarzania
    • Bez urządzenia pośredniczącego
    • b
    • Kod typu mediów
    • n
    • 2
    • Źródło (terminu i kodu)
    • rdamedia
338 -Typ/rodzaj nośnika [ , ]
    • a
    • Hasło opisujące typ nośnika
    • Wolumin
    • b
    • Kod typu nośnika
    • nc
    • 2
    • Źródło (terminu i kodu)
    • rdacarrier
504 -Uwaga dot. bibliogr. załącznikowej [ , ]
    • a
    • Uwaga dot. bibliografii załącznikowej
    • Bibliogr. s. [485]-488.
536 -Uwaga dot. finansowania książki [ , ]
    • a
    • Tekst uwagi
    • Publikacja finansowana przez Komitet Badań Naukowych
    • d
    • Numer programu, zadania, pracy
    • w ramach projektu nr 1 H02C 052 17
080 -Uniwersalna Klasyfikacja Dziesiętna [ , ]
    • a
    • Symbol klasyfikacji
    • 339.137
    • 9
    • UKD
    • 3295
    • 2
    • Identyfikator wydania tablic
    • UDC-P058
    • b
    • Dopowiedzenie
    • Konkurencja. Dumping. Konkurencja za pomocą cen i jakości. Antydumping. Import po cenach zaniżonych.
080 -Uniwersalna Klasyfikacja Dziesiętna [ , ]
    • a
    • Symbol klasyfikacji
    • :339.9
080 -Uniwersalna Klasyfikacja Dziesiętna [ , ]
    • a
    • Symbol klasyfikacji
    • :338.22
650 -Hasło przedmiotowe [ ,7]
    • a
    • Hasło przedmiotowe
    • Konkurencyjność (ekonomia).
    • 2
    • Źródło terminu
    • kaba
    • 9
    • KHW
    • 145043
650 -Hasło przedmiotowe [ ,7]
    • a
    • Hasło przedmiotowe
    • Konkurencyjność (ekonomia)
    • z
    • Określnik geograficzny
    • Kraje Unii Europejskiej
    • y
    • Określnik chronologiczny
    • 1990-.
    • 2
    • Źródło terminu
    • kaba
    • 9
    • KHW
    • 350299
650 -Hasło przedmiotowe [ ,7]
    • a
    • Hasło przedmiotowe
    • Konkurencyjność (ekonomia)
    • z
    • Określnik geograficzny
    • Polska
    • y
    • Określnik chronologiczny
    • 1990-.
    • 2
    • Źródło terminu
    • kaba
    • 9
    • KHW
    • 350298
650 -Hasło przedmiotowe [ ,7]
    • a
    • Hasło przedmiotowe
    • Konkurencja międzynarodowa
    • y
    • Określnik chronologiczny
    • 1990-.
    • 2
    • Źródło terminu
    • kaba
    • 9
    • KHW
    • 368196
980 -Symbol UKD [ , ]
    • a
    • UKD
    • 339.137:339.9:338.22
700 -Hasło dodatkowe - nazwa osobowa [1, ]
    • a
    • Nazwa osobowa (NP)
    • Bieńkowski, Wojciech. Find
    • 9
    • KHW
    • 13437
920 -ISBN [ , ]
    • a
    • ISBN
    • 83-7378-080-7 Find
Status udost. Numer inwentarzowy Sygnatura Data inwentaryzacji Lokalizacja
-2S.91492 2004-12-17BE
-2GW.67983382016-03-09GW
-2T.8317T.83172004-12-21T
-2TM.13045 2016-12-12T